MAXIMUM RIDE : (Record no. 8497)

MARC details
000 -LEADER
fixed length control field 01124nam a22002297a 4500
003 - CONTROL NUMBER IDENTIFIER
control field OSt
005 - DATE AND TIME OF LATEST TRANSACTION
control field 20260223080300.0
008 - FIXED-LENGTH DATA ELEMENTS--GENERAL INFORMATION
fixed length control field 260223b |||||||| |||| 00| 0 eng d
020 ## - INTERNATIONAL STANDARD BOOK NUMBER
International Standard Book Number 9780316067959
040 ## - CATALOGING SOURCE
Original cataloging agency DWCL GS lib
Transcribing agency OC
082 ## - DEWEY DECIMAL CLASSIFICATION NUMBER
Edition number [First edition]
Classification number Fic. P317m 2005
100 ## - MAIN ENTRY--PERSONAL NAME
Personal name Patterson, James
245 ## - TITLE STATEMENT
Title MAXIMUM RIDE :
Remainder of title THE ANGEL EXPERIMENT /
Statement of responsibility, etc. James Patterson
260 ## - PUBLICATION, DISTRIBUTION, ETC.
Place of publication, distribution, etc. United States
Name of publisher, distributor, etc. Little, Brown
Date of publication, distribution, etc. c2005.
300 ## - PHYSICAL DESCRIPTION
Extent vii, 422 pages:
Other physical details illustrations ;
Dimensions 23cm.
520 ## - SUMMARY, ETC.
Summary, etc. Maximum Ride: The Angel Experiment, the first novel in James Patterson's series, follows 14-year-old Max and her "flock"—Fang, Iggy, Nudge, the Gasman, and Angel—who are 98% human and 2% avian, possessing wings and special abilities. After escaping "The School" where they were raised in cages, the flock is hunted by Erasers, wolf-human hybrids. The plot hinges on rescuing the youngest member, Angel, who is recaptured and taken back to the lab.
546 ## - LANGUAGE NOTE
Language note English
650 ## - SUBJECT ADDED ENTRY--TOPICAL TERM
Topical term or geographic name entry element Young adult fiction
650 ## - SUBJECT ADDED ENTRY--TOPICAL TERM
Topical term or geographic name entry element science fiction
700 ## - ADDED ENTRY--PERSONAL NAME
Personal name James Patterson
942 ## - ADDED ENTRY ELEMENTS (KOHA)
Source of classification or shelving scheme Dewey Decimal Classification
Koha item type Fiction
Edition First edition
Classification part Fic.
Suppress in OPAC No
952 ## - LOCATION AND ITEM INFORMATION (KOHA)
--
Holdings
Withdrawn status Lost status Source of classification or shelving scheme Damaged status Not for loan Home library Current library Shelving location Date acquired Source of acquisition Total Checkouts Full call number Barcode Date last seen Copy number Price effective from Koha item type Uniform Resource Identifier
    Dewey Decimal Classification     Grade School Library Grade School Library Fiction 02/23/2026 School Fund, Donation   Fic. P317m 2005 20943 02/23/2026 c1 02/23/2026 FIC.